000 00405nam a22001697a 4500
005 20180522124752.0
008 160521b xxu||||| |||| 00| 0 eng d
020 _a81-8412-026-5
041 _aeng
082 _b3882
_a519.5
100 _aVerma A.P.
_94311
245 _aBusiness Statistics
260 _aNew Delhi
_bAsian Books Pvt. Ltd.
300 _a15.45
650 _aManagement
_9241
942 _cBK
999 _c1335
_d1335